[Event "ICS rated blitz match"]
[Site "204.178.125.65"]
[Date "2001.10.06"]
[Round "?"]
[White "Hossa"]
[Black "libertad"]
[Result "1-0"]
[WhiteElo "2579"]
[BlackElo "2095"]
[PlyCount "85"]
[EventDate "2001.??.??"]

1. d4 Nf6 2. Nf3 g6 3. Nc3 d5 4. Bf4 Bg7 5. e3 O-O 6. Bd3 Nc6 7. Nb5 Ne8 8. c3
a6 9. Na3 Nd6 10. O-O Bg4 11. h3 Bxf3 12. Qxf3 e6 13. Nc2 Ne7 14. h4 h5 15.
Rfe1 c6 16. b3 Qd7 17. a4 Rac8 18. Rac1 f5 19. Qe2 Kh7 20. f3 Nf7 21. e4 dxe4
22. fxe4 fxe4 23. Qxe4 Nf5 24. Qxe6 Qxe6 25. Rxe6 Nxh4 26. Re7 b5 27. Ra7 bxa4
28. bxa4 Nh6 29. Rf1 Ng4 30. Rxa6 Rce8 31. Rxc6 Nf5 32. a5 Rc8 33. Nb4 Rxc6 34.
Nxc6 Bh6 35. Bxh6 Kxh6 36. a6 Rc8 37. a7 Ng3 38. Rf3 h4 39. Nb8 Re8 40. Bf1 Re1
41. Rxg3 hxg3 42. a8=Q Ne3 43. Qf3 {libertad resigns} 1-0

[Event "ICS rated blitz match"]
[Site "204.178.125.65"]
[Date "2001.10.06"]
[Round "?"]
[White "Sjeng"]
[Black "Hossa"]
[Result "1-0"]
[WhiteElo "2566"]
[BlackElo "2581"]
[PlyCount "105"]
[EventDate "2001.??.??"]

1. d4 d5 2. Nf3 Nf6 3. c4 e6 4. g3 Be7 5. Bg2 dxc4 6. O-O Nc6 7. Qa4 O-O 8.
Qxc4 Na5 9. Qd3 c5 10. Nc3 cxd4 11. Nb5 Nc6 12. Nbxd4 Nxd4 13. Nxd4 e5 14. Nf5
Bc5 15. Qc2 Qc7 16. Be3 Bxf5 17. Qxc5 Rfc8 18. Qb5 Be4 19. Bxe4 Nxe4 20. Rfc1
Qe7 21. Rxc8+ Rxc8 22. Bxa7 Rd8 23. Bb6 Rc8 24. Rd1 Nf6 25. Ba5 Rb8 26. f3 e4
27. Bc3 Ne8 28. Qd7 Qg5 29. Qd4 exf3 30. exf3 Ra8 31. a4 Qf5 32. Qd5 Qc8 33.
Qe4 Qc5+ 34. Rd4 Qc7 35. Rd3 Qb6+ 36. Qd4 Qc6 37. b3 Rc8 38. Bb2 Qc2 39. a5 Nf6
40. Qc3 Qb1+ 41. Kg2 Ra8 42. b4 Ne8 43. Rd7 Rb8 44. g4 f6 45. Qb3+ Kh8 46. Rf7
h6 47. Rf8+ Kh7 48. h4 Kg6 49. Qf7+ Kh7 50. h5 Qc2+ 51. Kh3 Qh2+ 52. Kxh2 Nd6
53. Qg6# {Hossa checkmated} 1-0

[Event "ICS rated blitz match"]
[Site "204.178.125.65"]
[Date "2001.10.06"]
[Round "?"]
[White "Hossa"]
[Black "Hadoken"]
[Result "0-1"]
[WhiteElo "2564"]
[BlackElo "2884"]
[PlyCount "146"]
[EventDate "2001.??.??"]

1. d4 Nf6 2. Nf3 e6 3. Bg5 c5 4. e3 Be7 5. Bd3 b6 6. O-O Bb7 7. c3 O-O 8. dxc5
bxc5 9. Nbd2 h6 10. Bxf6 Bxf6 11. Qc2 d5 12. c4 Nd7 13. Rfd1 Rc8 14. Rac1 Re8
15. cxd5 exd5 16. Bh7+ Kh8 17. Bf5 g6 18. Bxd7 Qxd7 19. Nb3 c4 20. Nbd4 a5 21.
Qc3 a4 22. Rc2 Kg8 23. Rcd2 Re4 24. Qc1 Bg7 25. Qc2 Qe7 26. Rb1 Ra8 27. Rdd1
Ra5 28. Qc3 Ra6 29. Qd2 Qf6 30. Qb4 Qe7 31. Qe1 Rb6 32. Qd2 Qe8 33. Qa5 Ra6 34.
Qe1 Qe7 35. Rd2 a3 36. b4 Bc8 37. b5 Rb6 38. Qd1 Bd7 39. Qc2 Qc5 40. Qa4 Re8
41. h3 Reb8 42. Qa7 R8b7 43. Qa8+ Bf8 44. Ne5 Qe7 45. Nxd7 Qxd7 46. Qa4 Bg7 47.
Qxa3 Bxd4 48. Rxd4 Rxb5 49. Qa8+ Kg7 50. Rxb5 Rxb5 51. a4 Rb1+ 52. Kh2 c3 53.
Qxd5 Qxd5 54. Rxd5 c2 55. Rc5 c1=Q 56. Rxc1 Rxc1 57. Kg3 Ra1 58. Kf4 Rxa4+ 59.
e4 g5+ 60. Ke3 Ra3+ 61. Ke2 h5 62. Ke1 Kf6 63. f3 Ke5 64. Kf2 Ra2+ 65. Kg1 h4
66. Kh1 Ra1+ 67. Kh2 Kf4 68. e5 Rb1 69. e6 fxe6 70. g4 Rb2+ 71. Kg1 Kxf3 72.
Kh1 Kg3 73. Kg1 Rb1# {Hossa checkmated} 0-1